[Event "IsBank TCh-TUR"]
[Site "Konya TUR"]
[Date "2010.07.04"]
[Round "7"]
[White "Coban,Met"]
[Black "Yargici,M"]
[Result "0-1"]
[WhiteElo "1919"]
[BlackElo "1822"]

1.e4 e5 2.Nf3 Nc6 3.Bb5 a6 4.Ba4 Nf6 5.O-O Be7 6.Re1 b5 7.Bb3 O-O 8.c3 d6
9.h3 Nb8 10.d4 Nbd7 11.Nbd2 Bb7 12.a4 h6 13.Qe2 Rb8 14.axb5 axb5 15.Bc2 Re8
16.Nf1 Bf8 17.Ng3 exd4 18.cxd4 c5 19.Qd3 cxd4 20.Qxd4 Qc7 21.Bd3 d5 22.e5 Bc5
23.Qf4 Ne4 24.Nxe4 Nxe5 25.Nxe5 Rxe5 26.Qg3 dxe4 27.Bf4 Bd6 28.Bxe5 Bxe5
29.Qe3 Bxb2 30.Rab1 Bc3 31.Rec1 exd3 32.Qxd3 Qc6 33.Qg3 Rc8 34.Rb3 b4 35.Rxb4 Bxb4
36.Rxc6 Bxc6 37.Qg4 Rb8 38.Qc4 Bd6 39.f3 Bg3 40.Qc2 Re8  0-1

[Event "ch-Paris Int"]
[Site "Paris FRA"]
[Date "2010.07.06"]
[Round "4"]
[White "Aranovitch,E"]
[Black "Sriram,J"]
[Result "1/2-1/2"]
[WhiteElo "2355"]
[BlackElo "2490"]

1.e4 e5 2.Nf3 Nc6 3.Bb5 a6 4.Ba4 Nf6 5.O-O Be7 6.Re1 b5 7.Bb3 d6 8.c3 O-O
9.h3 Nb8 10.d4 Nbd7 11.Nbd2 Bb7 12.Bc2 Re8 13.Nf1 Bf8 14.Ng3 g6 15.a4 Bg7
16.Bd3 c6 17.Bg5 Nf8 18.Qd2 Ne6 19.Bh6 Bxh6 20.Qxh6 Nf4 21.Bc2 Qe7 22.Ne2 Nxe2+
23.Rxe2 c5 24.Rd1 Nd7 25.dxc5 dxc5 26.Red2 Bc6 27.Rd6 Rac8 28.axb5 axb5  1/2-1/2

[Event "IsBank TCh-TUR"]
[Site "Konya TUR"]
[Date "2010.07.07"]
[Round "12"]
[White "Patel,Y"]
[Black "Sasmazel,B"]
[Result "1/2-1/2"]
[WhiteElo "1782"]
[BlackElo "1876"]

1.e4 e5 2.Nf3 Nc6 3.Bb5 a6 4.Ba4 Nf6 5.O-O Be7 6.Re1 b5 7.Bb3 d6 8.c3 O-O
9.h3 Nb8 10.d4 Nbd7 11.Nbd2 Bb7 12.Bc2 Re8 13.Nf1 Bf8 14.Ng3 g6 15.a4 c5
16.d5 c4 17.Bg5 h6 18.Be3 Nc5 19.Qd2 h5 20.Bg5 Be7 21.Ra3 Nh7 22.Be3 Nf6
23.Rea1 h4 24.Nxh4 Nfxe4 25.Nxe4 Nxe4 26.Bxe4 Bxh4 27.g3 Be7 28.h4 f5 29.Bc2 Rf8
30.axb5 axb5 31.Ba7 Kg7 32.b3 Rc8  1/2-1/2

[Event "ch-TUR w"]
[Site "Konya TUR"]
[Date "2010.07.14"]
[Round "9"]
[White "Ozturk,H"]
[Black "Sasmazel,B"]
[Result "1/2-1/2"]
[WhiteElo "1671"]
[BlackElo "1876"]

1.e4 e5 2.Nf3 Nc6 3.Bb5 a6 4.Ba4 Nf6 5.O-O Be7 6.Re1 b5 7.Bb3 d6 8.c3 O-O
9.h3 Nb8 10.d4 Nbd7 11.Nbd2 Bb7 12.Bc2 Re8 13.Nf1 Bf8 14.Ng3 g6 15.Nh2 h5
16.Bg5 Be7 17.f4 exf4 18.Bxf4 h4 19.Ngf1 Nh5 20.Be3 Bg5 21.Bf2 Nhf6 22.Qb1 Qe7
23.Nf3 Nh5 24.N1h2 Ng3 25.Nxg5 Qxg5 26.Nf3 Qe7 27.Re3 g5 28.Bxg3 hxg3 29.Qe1 f5
30.Qxg3 Qf6  1/2-1/2

[Event "1st Open"]
[Site "Vaujany FRA"]
[Date "2010.07.15"]
[Round "6"]
[White "Csirik,A"]
[Black "Lobzhanidze,D"]
[Result "1-0"]
[WhiteElo "2303"]
[BlackElo "2513"]

1.e4 e5 2.Nf3 Nc6 3.Bb5 a6 4.Ba4 Nf6 5.O-O Be7 6.Re1 b5 7.Bb3 d6 8.c3 O-O
9.h3 Nb8 10.d4 Nbd7 11.Nbd2 Bb7 12.Bc2 Re8 13.Nf1 Bf8 14.Ng3 g6 15.b3 Bg7
16.d5 Qb8 17.Be3 c6 18.c4 Qc7 19.Qd2 Rec8 20.Rec1 cxd5 21.cxd5 Qd8 22.a4 bxa4
23.Rxa4 Ne8 24.Rca1 Nc7 25.Bd3 Nc5 26.Bxc5 dxc5 27.Bc4 Qd6 28.Ra5 Rcb8 29.Qc3 Qb6
30.Qd3 Nb5 31.R1a4 Nd6 32.Nd2 Bh6 33.Ngf1 Nb5 34.Bxb5 axb5 35.Rxb5 Ba6 36.Rxa6 Rxa6
37.Rxb6 Raxb6 38.Qc3 Bg7 39.Qxc5  1-0

[Event "Int ch-SVK OpenA"]
[Site "Banska Stiavnica SVK"]
[Date "2010.07.17"]
[Round "8"]
[White "Mazur,S"]
[Black "Nemcova,Kat"]
[Result "1/2-1/2"]
[WhiteElo "2419"]
[BlackElo "2282"]

1.e4 e5 2.Nf3 Nc6 3.Bb5 a6 4.Ba4 Nf6 5.O-O Be7 6.Re1 b5 7.Bb3 O-O 8.h3 d6
9.c3 Nb8 10.d4 Nbd7 11.Nbd2 Bb7 12.a4 c5 13.Qe2 Qb6 14.a5 Qc7 15.Ba2 Rfe8
16.Ng5 Rf8 17.Ngf3 Rfe8 18.Ng5 Rf8  1/2-1/2

[Event "Open A"]
[Site "Oberwart AUT"]
[Date "2010.07.20"]
[Round "8"]
[White "Alvir,A"]
[Black "Binder,Mi"]
[Result "1/2-1/2"]
[WhiteElo "2369"]
[BlackElo "2270"]

1.e4 e5 2.Nf3 Nc6 3.Bb5 a6 4.Ba4 Nf6 5.O-O Be7 6.Re1 b5 7.Bb3 d6 8.c3 O-O
9.h3 Nb8 10.a4 Bb7 11.d3 Nbd7 12.Bc2 Re8 13.Nbd2 Bf8 14.Nf1 g6 15.N3h2 Bg7
16.Ng3 d5 17.Ng4 Nxg4 18.Qxg4 Nc5 19.axb5 axb5 20.Bg5  1/2-1/2

[Event "ch-AUT"]
[Site "Vienna AUT"]
[Date "2010.07.24"]
[Round "1"]
[White "Jedinger,A"]
[Black "Knoll,H"]
[Result "1/2-1/2"]
[WhiteElo "2177"]
[BlackElo "2378"]

1.e4 e5 2.Nf3 Nc6 3.Bb5 a6 4.Ba4 Nf6 5.O-O Be7 6.Re1 b5 7.Bb3 d6 8.c3 O-O
9.h3 Nb8 10.d4 Nbd7 11.Nbd2 Bb7 12.Bc2 Re8 13.Nf1 Bf8 14.Ng3 g6 15.a4 Bg7
16.Bg5 h6 17.Bd2 c5 18.d5 c4 19.Qc1 Kh7 20.Be3 Nc5 21.Qd2 Qc7 22.Ra3 Nfd7
23.Rea1 Nb6 24.axb5 axb5 25.Nh2 Nba4 26.Ng4 h5 27.Nh6 Nxb2 28.Rxa8 Rxa8 29.Rxa8 Bxa8
30.Nxh5 gxh5 31.Qe2 Kg6 32.Nf5 Qd8 33.Qf3 Bf6 34.Qg3+ Kh7 35.Qf3 Kg6 36.Qg3+ Kh7
37.Qf3 Kg6  1/2-1/2

[Event "TCh-CHN"]
[Site "Shanghai CHN"]
[Date "2010.07.26"]
[Round "9"]
[White "Ding Yixin"]
[Black "Zhao Xue"]
[Result "1/2-1/2"]
[WhiteElo "2315"]
[BlackElo "2490"]

1.e4 e5 2.Nf3 Nc6 3.Bb5 a6 4.Ba4 Nf6 5.O-O Be7 6.Re1 b5 7.Bb3 d6 8.c3 O-O
9.h3 Nb8 10.d3 Nbd7 11.Nbd2 Bb7 12.Nf1 Nc5 13.Bc2 Re8 14.Ng3 Bf8 15.b4 Ncd7
16.d4 h6 17.a4 c6 18.Be3 Qc7 19.dxe5 dxe5 20.Nd2 c5 21.bxc5 Nxc5 22.axb5 axb5
23.Qe2 Qc6 24.Reb1 Rxa1 25.Rxa1 Na4 26.c4 Rd8 27.Nf3 Nc3 28.Qf1 b4 29.Nxe5 Qe6
30.Ra7 Bxe4 31.Nxe4 Qxe5 32.Nxf6+ Qxf6 33.Bb3 Qe6 34.Qa1 Rd3 35.Ra6 Qe5 36.Bc2 Rxe3
37.fxe3 Qxe3+ 38.Kh1 b3 39.Bxb3 Ne4 40.Bc2 Nf2+ 41.Kh2 Qf4+ 42.Kg1 Nxh3+
43.gxh3 Qg3+ 44.Kf1 Qf3+ 45.Kg1 Bc5+ 46.Kh2 Qe2+ 47.Kh1 Qxc2 48.Qf1 Qe4+
49.Kh2 f5 50.Rg6 Qe5+ 51.Kh1 Kh7 52.Rg2 Qe4 53.Qa1 Bd4 54.Qd1 Qe3 55.Rh2 g6
56.Qf1 Qe4+ 57.Rg2 h5 58.Qe2 Be3 59.Qd1 Qe5 60.Qf3 f4 61.Qd5 Qf6 62.Qf3 Kh6
63.Ra2 Qf5 64.Rg2 Bc5 65.Kh2 Be3 66.Qd5 Qf6 67.Qf3 Bc5 68.Kh1 Qf5 69.Kh2 Be3
70.Qd5 Qf6 71.Qf3 Qe5 72.Qd5 Qf6 73.Qf3 Bd4 74.Kh1 Qe5 75.Kh2 Be3 76.Qd5 Qf6
77.Qf3 Qc3  1/2-1/2

[Event "GM"]
[Site "Stara Pazova SRB"]
[Date "2010.08.01"]
[Round "1"]
[White "Skoko,Mil"]
[Black "Todorovic,GN"]
[Result "1/2-1/2"]
[WhiteElo "2209"]
[BlackElo "2398"]

1.e4 e5 2.Nf3 Nc6 3.Bb5 a6 4.Ba4 Nf6 5.O-O Be7 6.Re1 b5 7.Bb3 d6 8.h3 O-O
9.c3 Nb8 10.d4 Nbd7 11.Nbd2 Bb7 12.Bc2 c5 13.Nf1 Re8 14.Ng3 g6 15.a4 Bf8
16.d5 c4 17.Be3 Nc5 18.Qd2 Qc7 19.Nh2 h5 20.f3 Nh7 21.Nhf1 Be7 22.f4 exf4
23.Bxf4 Bf6  1/2-1/2

[Event "Tch-ESP CECLUB Permanencia"]
[Site "Burguillos ESP"]
[Date "2010.08.14"]
[Round "1"]
[White "Spraggett,K"]
[Black "Borisek,J"]
[Result "1/2-1/2"]
[WhiteElo "2575"]
[BlackElo "2538"]

1.e4 e5 2.Nf3 Nc6 3.Bb5 a6 4.Ba4 Nf6 5.O-O Be7 6.Re1 b5 7.Bb3 d6 8.c3 O-O
9.h3 Nb8 10.d4 Nbd7 11.Nbd2 Bb7 12.Bc2 Re8 13.b3 c6 14.Bb2 Bf8 15.a4 g6 16.Bd3 Nh5
17.Qc2 Nf4 18.Bf1 Bg7 19.b4 Ne6 20.Nb3 Rc8 21.Na5 Ba8 22.Rad1 Qc7 23.Qb3 Nb6
24.axb5 axb5 25.Ba1 exd4 26.cxd4 d5 27.e5 Nc4 28.Bc3 Bb7 29.h4 Ra8 30.Ra1 Bc8
31.g3 Bd7 32.Qc2 Ra7 33.Ra2 Rea8 34.Rea1 Bf8 35.Nb3 Ng7 36.Bd3 Rxa2 37.Rxa2 Qc8
38.Nc5 Bf5 39.Rxa8 Qxa8 40.Bxf5 Nxf5 41.h5 Qc8 42.hxg6 hxg6 43.Nd3 Bh6 44.Nh2 Ng7
45.Qe2 Ne6 46.Ng4 Bg7 47.Kg2 Qa6 48.Qc2  1/2-1/2

[Event "TCh-MKD"]
[Site "Struga MKD"]
[Date "2010.08.14"]
[Round "6"]
[White "Petrovski,I"]
[Black "Pancevski,F"]
[Result "1/2-1/2"]
[WhiteElo "2054"]
[BlackElo "2402"]

1.e4 e5 2.Nf3 Nc6 3.Bb5 a6 4.Ba4 Nf6 5.O-O Be7 6.Re1 b5 7.Bb3 d6 8.c3 O-O
9.h3 Nb8 10.d4 Nbd7 11.Nbd2 Bb7 12.Bc2 Re8 13.a4 Bf8 14.b4 a5 15.bxa5 Rxa5
16.Nb3 Rxa4 17.Rxa4 bxa4 18.Na5 Ba8 19.d5 c6 20.Nxc6 Bxc6 21.dxc6 Nc5 22.Ba3 Nb3
23.Bxb3 axb3 24.Qxb3 Qc7 25.Qb7 Rc8 26.Rb1 Qxc6 27.Ng5 Qxb7 28.Rxb7 Rxc3
29.Bb2 Rc2 30.Ba3 Ra2 31.Bb2 h6 32.Nxf7 Rxb2 33.Rxb2 Kxf7 34.Rb4 Be7 35.Ra4 h5
36.g3 Ke6 37.Kg2 Nd7 38.f4 g6 39.Kf3 Nc5 40.Ra8 h4 41.gxh4 exf4 42.Kxf4 Bxh4
43.Rg8 Kf7 44.Ra8 Bf6 45.Kf3 Be5 46.Rc8 Kf6 47.h4 Kg7 48.Rc7+ Kf6 49.Rh7 Ne6
50.Rb7 Nf4 51.Rh7 Nh5 52.Rb7 Ke6 53.Ra7 Bc3 54.Kg4 Bd2 55.Ra8 Nf6+ 56.Kf3 Be1
57.Rh8 Kf7 58.Rd8 Ke7 59.Rh8 Ke6 60.Rh6 Kf7 61.Rh8 Bd2 62.Rd8 Ke7 63.Rh8 Bc1
64.Rc8 Bh6 65.Rh8 Bf8 66.Kf4 Kf7 67.e5 Bg7 68.Ra8 Nh5+ 69.Kg5 Bxe5 70.Ra7+ Ke6
71.Kxg6 Nf4+ 72.Kg5 d5  1/2-1/2

[Event "7th Malaysia Open"]
[Site "Kuala Lumpur MAS"]
[Date "2010.09.04"]
[Round "5"]
[White "Rian,K"]
[Black "Rej,T"]
[Result "1-0"]
[WhiteElo "2096"]
[BlackElo "2340"]

1.e4 e5 2.Nf3 Nc6 3.Bb5 a6 4.Ba4 Nf6 5.O-O Be7 6.Re1 b5 7.Bb3 d6 8.c3 O-O
9.h3 Nb8 10.d4 Nbd7 11.d5 Bb7 12.Bc2 c6 13.dxc6 Bxc6 14.Bg5 Nc5 15.Nbd2 Ne6
16.Bxf6 Bxf6 17.Nf1 Nf4 18.a4 Qc7 19.Ne3 g6 20.g3 Nxh3+ 21.Kg2 Qd7 22.Rh1 Ng5
23.Nd5 Qd8 24.axb5 axb5 25.Rxa8 Bxa8 26.Qd3 Nxf3 27.Kxf3 Bc6 28.Ra1 Bg5 29.Nb4 Bd7
30.Ra6 Qf6+ 31.Kg2 Rd8 32.Bb3 h5 33.Nc6 Re8 34.Bd5 h4 35.Qe2 h3+ 36.Kg1 Kg7
37.Ra7 Be6 38.Bxe6 Qxe6 39.Nb4 h2+ 40.Kxh2 Rh8+ 41.Kg1 Qh3 42.Qf3 Bf4 43.Nd5 Rh5
44.Qg2 Qg4 45.f3 Qxg3 46.Qxg3 Bxg3 47.Rb7 Rh2 48.Rxb5 Rc2 49.Rb7 Bf4 50.b4 Bd2
51.Rc7 Rb2  1-0

[Event "EYCC Girls U12"]
[Site "Batumi GEO"]
[Date "2010.09.22"]
[Round "3"]
[White "Menzi,N"]
[Black "Ghukasyan,Siranush"]
[Result "1-0"]
[WhiteElo "1818"]
[BlackElo "1779"]

1.e4 e5 2.Nf3 Nc6 3.Bb5 a6 4.Ba4 Nf6 5.O-O Be7 6.Re1 b5 7.Bb3 d6 8.c3 O-O
9.h3 Nb8 10.d4 Nbd7 11.Nbd2 Bb7 12.Bc2 Re8 13.Nf1 Bf8 14.Ng3 g6 15.b3 a5
16.Bb2 Nb6 17.Bd3 c6 18.a4 bxa4 19.bxa4 Qc7 20.Ba3 Nfd7 21.Rb1 Ba6 22.Bxa6 Rxa6
23.Qc2 Raa8 24.h4 Nc4 25.Bc1 Rab8 26.h5 Rxb1 27.Qxb1 exd4 28.cxd4 Qb6 29.Qc2 d5
30.e5 c5 31.hxg6 hxg6 32.Ng5 f5 33.e6 Bh6 34.Nxf5 Bxg5 35.Bxg5 Rxe6 36.Rb1 Qc7
37.Ne7+ Kg7 38.Nxd5 Qc6 39.Qxc4 Re4 40.Ne7 Qa8 41.Qd3 Nf6  1-0

[Event "EYCC Boys U12"]
[Site "Batumi GEO"]
[Date "2010.09.24"]
[Round "6"]
[White "Ghvamberia,N"]
[Black "Mkrtchyan,Mikayel"]
[Result "1-0"]
[WhiteElo "1752"]
[BlackElo "1915"]

1.e4 e5 2.Nf3 Nc6 3.Bb5 a6 4.Ba4 Nf6 5.O-O Be7 6.Re1 b5 7.Bb3 d6 8.c3 O-O
9.h3 Nb8 10.d4 Nbd7 11.Nbd2 Bb7 12.a4 c5 13.d5 c4 14.Bc2 Nc5 15.Nf1 Nfd7
16.Ng3 g6 17.Be3 Bf6 18.Rf1 Qc7 19.Nd2 Nb6 20.a5 Nc8 21.f4 Bg7 22.f5 Nd7
23.Kh2 Ne7 24.Qg4 Nf6 25.Qh4 Kh8 26.Bg5 Neg8 27.Ne2 h6 28.Be3 Nh7 29.g4 g5
30.Qf2 Ngf6 31.Nf3 Nd7 32.h4 Bf6 33.hxg5 Bxg5 34.Nxg5 hxg5 35.Kg3 f6 36.Rh1 Rf7
37.Ng1 Nf8 38.Nf3 Rc8 39.Rh3 Qd8 40.Bb6 Qe7 41.Rah1 Nd7 42.Be3 Nf8 43.Qd2 Kg8
44.Rh5 Rg7 45.Rh6 Qd8 46.Bb6 Qe7 47.Qh2 Qf7 48.Be3 Qd7 49.Nd2 Qf7 50.Nf1 Nd7
51.Kf3 Ndf8 52.Ng3 Qe7 53.Qd2 Rc7 54.Nh5 Rf7 55.Nxf6+ Rxf6 56.Bxg5 Rxh6 57.Bxe7 Rxh1
58.Bxd6 Rg7 59.Bxe5 Ng5+ 60.Ke2 Nd7 61.Qf4 Nxe5 62.Qxe5 Re1+ 63.Kf2 Rc1 64.Qe8+ Kh7
65.Qh5+ Kg8 66.f6 Rxc2+ 67.Ke3 Rh7 68.Qe8+  1-0

[Event "Tatry Open"]
[Site "Tatranske Zruby CZE"]
[Date "2010.10.04"]
[Round "3"]
[White "Bargel,M"]
[Black "Tropp,F"]
[Result "1-0"]
[WhiteElo "2179"]
[BlackElo "2095"]

1.e4 e5 2.Nf3 Nc6 3.Bb5 a6 4.Ba4 Nf6 5.O-O Be7 6.Re1 b5 7.Bb3 d6 8.c3 O-O
9.h3 Nb8 10.d4 Nbd7 11.Nbd2 Bb7 12.Bc2 c5 13.d5 c4 14.Nf1 Re8 15.g4 Kh8 16.Ng3 g6
17.Be3 Ng8 18.Qd2 Kg7 19.Kg2 h6 20.Rh1 Nf8 21.Rag1 Bc8 22.Kf1 Bd7 23.Rh2 Nh7
24.Nf5+ Bxf5 25.gxf5 g5 26.h4 f6 27.Qe2 Rf8 28.Rh3 Rf7 29.Nh2 Kh8 30.Ng4 Bf8
31.Bd1 Bg7 32.Rgh1 Qf8 33.Qd2 Qe7 34.Nh2 gxh4 35.Bh5 Ng5 36.Rxh4 Rff8 37.Bg6 Rfb8
38.Qe2 b4 39.Bd2 a5 40.Ng4 Qf8 41.Rh5 bxc3 42.Bxc3 a4 43.a3 Rb3 44.Kg2 Rab8
45.Qxc4 Qc8 46.Qxa4 Rxc3 47.bxc3 Qxc3 48.Rxg5 Rb3 49.Nxe5 Qxe5 50.Rg4 Rb2
51.Qa7 Ra2 52.Rgh4  1-0

[Event "Tatry Open"]
[Site "Tatranske Zruby CZE"]
[Date "2010.10.08"]
[Round "8"]
[White "Vohnout,P"]
[Black "Vukovic,Ivo"]
[Result "0-1"]
[WhiteElo "2041"]
[BlackElo "2251"]

1.e4 e5 2.Nf3 Nc6 3.Bb5 a6 4.Ba4 Nf6 5.O-O Be7 6.Re1 b5 7.Bb3 d6 8.c3 O-O
9.h3 Nb8 10.d4 Nbd7 11.Qe2 Bb7 12.Bc2 Re8 13.dxe5 dxe5 14.Bg5 g6 15.Nbd2 Nh5
16.Bxe7 Qxe7 17.Nb3 Rab8 18.Rad1 Nb6 19.Nc1 Nf4 20.Qf1 Qf6 21.Nd3 Nxh3+ 22.gxh3 Qxf3
23.Re3 Qf6 24.Nc5 Bc8 25.Rdd3 Qe7 26.b4 Nd7 27.Rd5 Nf6 28.Rd2 Nh5 29.Bb3 Nf4
30.Kh2 Rb6 31.a4 Qh4 32.Rg3 Bxh3 33.Rxh3 Nxh3 34.Qxh3 Qf4+ 35.Kh1 Qxd2 36.Bxf7+ Kxf7
37.Qxh7+ Kf6 38.Nd7+ Kg5 39.Kg2 Qf4 40.f3 Rd6  0-1

[Event "TCh-FIN 2010-11"]
[Site "Sastamala FIN"]
[Date "2010.10.16"]
[Round "3.3"]
[White "Laine,Pan"]
[Black "Martynov,P1"]
[Result "1/2-1/2"]
[WhiteElo "2204"]
[BlackElo "2412"]

1.e4 e5 2.Nf3 Nc6 3.Bb5 a6 4.Ba4 Nf6 5.O-O Be7 6.Re1 b5 7.Bb3 d6 8.c3 O-O
9.h3 Nb8 10.d4 Nbd7 11.Nbd2 Bb7 12.Bc2 Re8 13.Nf1 Bf8 14.Ng3 g6 15.b3 d5
16.Bg5 h6 17.Bh4 exd4 18.e5 g5 19.Nxg5 hxg5 20.Bxg5 Rxe5 21.Rxe5 Nxe5 22.cxd4 Ned7
23.Qf3 Bg7 24.Nh5 Qe7 25.Nxg7 Kxg7 26.Qg3 Rh8 27.h4 Qe2  1/2-1/2

[Event "Spartak IM"]
[Site "Subotica"]
[Date "2010.10.29"]
[Round "9"]
[White "Andrejic,V"]
[Black "Tancik,K"]
[Result "1/2-1/2"]
[WhiteElo "2163"]
[BlackElo "2261"]

1.e4 e5 2.Nf3 Nc6 3.Bb5 a6 4.Ba4 Nf6 5.O-O Be7 6.Re1 b5 7.Bb3 d6 8.c3 O-O
9.h3 Nb8 10.d4 Nbd7 11.Nbd2 Bb7 12.Bc2 Re8 13.Nf1 Bf8 14.Ng3 g6 15.a4 Bg7
16.Bd3 c6 17.Bg5  1/2-1/2

[Event "Chigorin Mem Classic Open"]
[Site "St Petersburg RUS"]
[Date "2010.11.02"]
[Round "6"]
[White "Kargin,A"]
[Black "Syrchikov,A"]
[Result "1-0"]
[WhiteElo "2405"]
[BlackElo "2256"]

1.e4 e5 2.Nf3 Nc6 3.Bb5 a6 4.Ba4 Nf6 5.O-O Be7 6.Re1 b5 7.Bb3 d6 8.c3 O-O
9.h3 Nb8 10.d4 Nbd7 11.Nbd2 Bb7 12.a4 c6 13.Nf1 Re8 14.Ng3 Bf8 15.Ng5 d5
16.dxe5 Nxe5 17.f4 Ng6 18.e5 Bc5+ 19.Kh2 Bf2 20.Rf1 Bxg3+ 21.Kxg3 Ne4+ 22.Nxe4 dxe4
23.Be3 Qe7 24.Qe2 Kh8 25.Rad1 c5 26.Rd6 c4 27.Bc2 Nh4 28.Qg4 g5 29.fxg5 Qxe5+
30.Kxh4 Qxd6 31.Rxf7 Bc8 32.Qh5 Qg6 33.Bd4+ Kg8 34.Rg7+ Qxg7 35.Bxg7 Bf5
36.Bd4 Bg6 37.Qg4 Rad8 38.Be3 Rd5 39.Kg3 h5 40.gxh6 Kh7 41.Qf4 Rd7 42.Qf6  1-0

[Event "TCh-HUN 2010-11"]
[Site "Mako HUN"]
[Date "2010.11.07"]
[Round "2"]
[White "Csirik,A"]
[Black "Popovics,A"]
[Result "0-1"]
[WhiteElo "2343"]
[BlackElo "2402"]

1.e4 e5 2.Nf3 Nc6 3.Bb5 a6 4.Ba4 Nf6 5.O-O Be7 6.Re1 b5 7.Bb3 O-O 8.c3 d6
9.h3 Nb8 10.d4 Nbd7 11.Nbd2 Bb7 12.Bc2 Re8 13.Nf1 Bf8 14.Ng3 g6 15.b3 Bg7
16.d5 a5 17.Be3 Nc5 18.Qd2 c6 19.c4 cxd5 20.cxd5 b4 21.Bxc5 dxc5 22.a4 Re7
23.Qe3 Ne8 24.Bd3 Rc7 25.Rac1 Nd6 26.Nd2 Qh4 27.Nf3 Qd8 28.Rc2 Rac8 29.Nd2 Qf8
30.Nc4 Nxc4 31.Bxc4 Kh8 32.Qd3 Rd8 33.Ba6 Ba8 34.f3 f5 35.Nf1 Bh6 36.Nd2 Bf4
37.Nf1 Qf6 38.Bb5 h5 39.Rd1 Rf7 40.Qe2 Bh6 41.Qf2 Bf8 42.Ne3 Qg5 43.Qe1 fxe4
44.fxe4 Rf3 45.Nc4 Rxb3 46.Nxa5 Rxh3 47.Nc6 Bxc6 48.dxc6 Rxd1 49.Qxd1 c4
50.Qd5 Qe3+ 51.Rf2 Bc5 52.Qd8+ Kh7 53.Qd7+ Kh6 54.Qxh3 Qxf2+ 55.Kh2 Qg1+
56.Kg3 Qe1+  0-1

[Event "ch-ISR"]
[Site "Haifa ISR"]
[Date "2010.11.10"]
[Round "3.4"]
[White "Tseitlin,Ma"]
[Black "Gruenfeld,Y"]
[Result "1/2-1/2"]
[WhiteElo "2415"]
[BlackElo "2469"]

1.e4 e5 2.Nf3 Nc6 3.Bb5 a6 4.Ba4 Nf6 5.O-O Be7 6.Re1 b5 7.Bb3 d6 8.c3 O-O
9.h3 Nb8 10.d4 Nbd7 11.Nbd2 Bb7 12.Bc2 Re8 13.Nf1 Bf8 14.Ng3 g6 15.a4 Bg7
16.Bd3 c6 17.Bg5 Qc7 18.Qd2 d5 19.dxe5 Nxe5 20.Nxe5 Qxe5 21.Bh6 dxe4 22.Nxe4 Nxe4
23.Bxe4 Rad8 24.Bxg7 Kxg7 25.Qe3 Qc7 26.Qa7 bxa4 27.Bf3 Rxe1+ 28.Rxe1 Rd7
29.Qc5 Qd6 30.Qxd6 Rxd6 31.Rd1 Re6 32.Ra1 Bc8 33.Rxa4 Re1+ 34.Kh2 Rb1 35.b4 Rc1
36.Ra3 Bb7 37.Kg3 f5 38.Kf4 Kf6 39.Ke3 Ke5 40.Kd2 Rf1 41.Ke2 Rc1 42.Kd3 Kd6
43.Ra2 Bc8 44.Kd4 Rf1 45.h4 h6 46.g3 g5 47.hxg5 hxg5 48.Rd2 Be6 49.Be2 Ra1
50.c4 a5 51.c5+ Ke7 52.bxa5 Rxa5 53.Bf3 Bd7 54.Re2+ Kf6 55.Rb2 Ra4+ 56.Kc3 Ra3+
57.Rb3 Rxb3+ 58.Kxb3 Ke5 59.Kc3  1/2-1/2

[Event "ch-ISR"]
[Site "Haifa ISR"]
[Date "2010.11.15"]
[Round "6.16"]
[White "Rinberg,A"]
[Black "Mamut,I"]
[Result "1-0"]
[WhiteElo "2302"]
[BlackElo "2229"]

1.e4 e5 2.Nf3 Nc6 3.Bb5 a6 4.Ba4 Nf6 5.O-O Be7 6.Re1 b5 7.Bb3 d6 8.c3 O-O
9.h3 Nb8 10.d4 Nbd7 11.Nbd2 Bb7 12.Bc2 Re8 13.Nf1 Bf8 14.Ng3 g6 15.Bg5 h6
16.Bd2 Bg7 17.Qc1 Kh7 18.a4 c5 19.d5 c4 20.Be3 Nc5 21.Bxc5 dxc5 22.Qe3 Qd6
23.Rad1 Bc8 24.Rf1 Bd7 25.Nd2 h5 26.Ne2 Bh6 27.Qg3 Kg7 28.f4 exf4 29.Nxf4 Qe5
30.Rf3 Bg5 31.Ne6+ Rxe6 32.dxe6 Qxg3 33.Rxg3 Bh4 34.e5 Bxe6 35.exf6+ Bxf6
36.Ne4 Be5 37.Rf3 Bf5 38.Bb1 Rc8 39.Nd6 Bxd6 40.Bxf5 Rd8 41.Bc2 b4 42.Kf1 f5
43.Rf2 b3 44.Bxf5 gxf5 45.Rfd2  1-0

[Event "XXIII Belgrade Trophy"]
[Site "Obrenovac SRB"]
[Date "2010.11.28"]
[Round "5.14"]
[White "Vujacic,Bo"]
[Black "Abramovic,B"]
[Result "0-1"]
[WhiteElo "2306"]
[BlackElo "2461"]

1.e4 e5 2.Nf3 Nc6 3.Bb5 a6 4.Ba4 Nf6 5.O-O Be7 6.Re1 b5 7.Bb3 d6 8.c3 O-O
9.h3 Nb8 10.d4 Nbd7 11.Nbd2 Bb7 12.Bc2 Re8 13.Nf1 Bf8 14.Ng3 g6 15.a4 c5
16.d5 c4 17.Bg5 h6 18.Be3 Nc5 19.Qd2 h5 20.Bg5 Be7 21.Bh6 Nh7 22.Be3 Qc7
23.Ra3 Rab8 24.axb5 axb5 25.Rea1 Bc8 26.R1a2 Rb7 27.Ra8 Bd7 28.Rxe8+ Bxe8
29.Ra8 Rb8 30.Ra3 Bd7 31.Qe1 h4 32.Nf1 f5 33.exf5 gxf5 34.Bxc5 Qxc5 35.Nd4 Rf8
36.Qe2 Bg5 37.Ne6 Bxe6 38.dxe6 e4 39.Qh5 d5 40.Ra6 Kg7 41.b3 f4 42.Nd2 f3
43.Nxf3 cxb3 44.Bb1 Kh8 45.Rc6 Qa3 46.Kh1 Qc1+ 47.Ng1 Qxb1 48.Rc7 e3 49.f4 e2
50.Qxe2 Qe4 51.Qxb5 Bxf4 52.Rb7 Qxe6  0-1

[Event "XXIII Belgrade Trophy"]
[Site "Obrenovac SRB"]
[Date "2010.12.01"]
[Round "8.36"]
[White "Petrovski,I"]
[Black "Veleski,R"]
[Result "0-1"]
[WhiteElo "2152"]
[BlackElo "2282"]

1.e4 e5 2.Nf3 Nc6 3.Bb5 a6 4.Ba4 Nf6 5.O-O Be7 6.Re1 b5 7.Bb3 d6 8.c3 O-O
9.h3 Nb8 10.d4 Nbd7 11.a4 Bb7 12.Bc2 Re8 13.Nbd2 Bf8 14.Bd3 c6 15.b4 g6 16.Bb2 Bg7
17.Qc2 Nb6 18.a5 Na4 19.Ba3 Nd7 20.Rac1 Rc8 21.dxe5 Nxe5 22.Nxe5 Bxe5 23.c4 Re7
24.Qb3 Qf8 25.Nf3 Bf6 26.Rc2 Rce8 27.cxb5 cxb5 28.Nd2 d5 29.f3 Qh6 30.Kh1 Qh4
31.Rec1 Bg5 32.Rf1 Bf4 33.Rd1 Bxd2 34.Rcxd2 dxe4 35.Bxe4 Bxe4 36.fxe4 Rxe4
37.Bc1 Re1+ 38.Kh2 Qf4+ 39.Qg3 Qxg3+ 40.Kxg3 Rxd1 41.Rxd1 Nc3 42.Rf1 f5 43.Kf3 Re4
44.Bd2 Nd5 45.Rc1 Kf7 46.Rc5 Rd4 47.Ke2 Ne7 48.Rc7 Ke6 49.Ra7 Rd6 50.Be3 Nc6
51.Rxh7 Kd5 52.Bc5 Re6+ 53.Kd3 Ne5+ 54.Kc3 Ke4 55.Rb7 Nd3 56.Rb6 Nf4 57.Kd2 Kd5
58.g3 Nxh3 59.Be3 g5 60.Rb8 f4 61.gxf4 gxf4 62.Bb6 Kc4 63.Rh8 Ng5 64.Rf8 Ne4+
65.Ke2 Nf6+ 66.Kf3 Nd5 67.Bc5 Rf6 68.Rxf6 Nxf6 69.Kxf4 Nd5+ 70.Ke5 Nxb4  0-1

[Event "XXIII Belgrade Trophy"]
[Site "Obrenovac SRB"]
[Date "2010.12.02"]
[Round "9.19"]
[White "Veleski,R"]
[Black "Abramovic,B"]
[Result "0-1"]
[WhiteElo "2282"]
[BlackElo "2461"]

1.e4 e5 2.Nf3 Nc6 3.Bb5 a6 4.Ba4 Nf6 5.O-O Be7 6.Re1 b5 7.Bb3 d6 8.c3 O-O
9.h3 Nb8 10.d4 Nbd7 11.Nbd2 Bb7 12.Bc2 Re8 13.a4 Bf8 14.Bd3 c6 15.b3 Qc7
16.Bb2 g6 17.c4 exd4 18.Bxd4 b4 19.Qc2 Bg7 20.Re2 Nh5 21.Bxg7 Nxg7 22.Rae1 Ne6
23.Qb2 Ne5 24.Re3 Rad8 25.Bf1 Re7 26.Nh2 c5 27.g3 Nd4 28.f4 Nec6 29.Ng4 Kg7
30.Rd3 f6 31.Bg2 Rde8 32.Ne3 Na5 33.g4 h6 34.g5 hxg5 35.fxg5 fxg5 36.Rxd4 cxd4
37.Qxd4+ Re5 38.Nf3 Nxb3 39.Qb2 Nc5 40.Nxe5 dxe5 41.Rf1 a5 42.Qf2 Qe7 43.Nd5 Bxd5
44.exd5 Rf8 45.Qe3 Rxf1+ 46.Bxf1 b3 47.Qc3 Kh7 48.Qxa5 b2 49.Qb6 Nxa4 50.d6 Qg7
51.Qb5 Qa7+ 52.Kg2 Qd4 53.d7 e4 54.Qd5 Qxd5 55.cxd5 b1=Q 56.d8=Q Qb2+ 57.Kg1 Qd4+
58.Kg2 Qd2+ 59.Kg1 Qe3+ 60.Kg2 Qf3+ 61.Kg1 e3 62.Qc7+ Kh6 63.Qc2 Nc3 64.Qxc3 Qf2+
65.Kh1 Qxf1+ 66.Kh2 Qe2+ 67.Kg1 Qd1+ 68.Kg2 Qd2+  0-1

[Event "48th ch-IND"]
[Site "New Delhi IND"]
[Date "2010.12.13"]
[Round "5"]
[White "Sharma,Di"]
[Black "Sangma,R"]
[Result "1/2-1/2"]
[WhiteElo "2371"]
[BlackElo "2400"]

1.e4 e5 2.Nf3 Nc6 3.Bb5 a6 4.Ba4 Nf6 5.O-O Be7 6.Re1 b5 7.Bb3 d6 8.c3 O-O
9.h3 Nb8 10.d4 Nbd7 11.Nbd2 Bb7 12.Bc2 Re8 13.Nf1 Bf8 14.Ng3 g6 15.Bg5 h6
16.Bd2 Bg7 17.a4 Nf8 18.dxe5 dxe5 19.Qe2 c6 20.c4 bxa4 21.Bc3 N6d7 22.Red1 Qc7
23.Bxa4 a5 24.Bc2 Ra6 25.Ra2 Rea8 26.Rda1 Nc5 27.b3 Nfe6 28.Qe3 a4 29.bxa4 Nd7
30.a5 c5 31.Ba4 Rd6 32.Rb1 Nd4 33.Rab2 Ba6 34.Bb5 Nf8 35.Kh1 Nfe6 36.Ne1 Bb7
37.Ba4 Ba6 38.Bb5 Bb7 39.Ba4 Ba6 40.Bb5  1/2-1/2

[Event "48th ch-IND"]
[Site "New Delhi IND"]
[Date "2010.12.14"]
[Round "6"]
[White "Saptarshi,R"]
[Black "Babu,NS"]
[Result "1/2-1/2"]
[WhiteElo "2382"]
[BlackElo "2318"]

1.e4 e5 2.Nf3 Nc6 3.Bb5 a6 4.Ba4 Nf6 5.O-O Be7 6.Re1 b5 7.Bb3 d6 8.c3 O-O
9.h3 Nb8 10.d4 Nbd7 11.d5 Bb7 12.Nbd2 c6 13.dxc6 Bxc6 14.Bc2 Qc7 15.Nf1 Rfe8
16.Ng3 d5 17.exd5 Bxd5 18.Nf5 Bf8 19.Ng5 g6 20.Ne3 Bb7 21.Bb3 Re7 22.Nd5 Nxd5
23.Bxd5 Nf6 24.Bxb7 Qxb7 25.Nf3 Nd7 26.Be3 e4 27.Nd2 Bg7 28.Qb3 Rb8 29.a4 Re6
30.Red1 Qc6 31.axb5 Rxb5 32.Qc4 Rxb2 33.Qxc6 Rxc6 34.Nxe4 Rb7 35.Nd6 Rbc7
36.Ne8 Rb7 37.Nxg7 Kxg7 38.Bd4+ f6 39.Ra5 Kf7 40.Re1 Nb8 41.Kf1 Re6 42.Rxe6 Kxe6
43.Ke2 Rc7 44.Kd3 Rc6 45.Ra1 Nd7 46.f4 h5 47.g4 hxg4 48.hxg4 Kd6 49.Ra5 Ke6
50.Kc2 Ke7 51.Ra1 Kd6 52.Rh1 Kd5 53.Rh7 Nc5 54.Bxc5 Kxc5 55.Rg7 f5 56.gxf5 gxf5
57.Rf7 Kd5 58.Rxf5+ Ke4 59.Rf8 a5 60.f5 Ke5 61.Ra8 Kxf5 62.Rxa5+ Ke6 63.Ra7 Kd5
64.Kd3 Kc5  1/2-1/2

[Event "Australian Open"]
[Site "Cammeray AUS"]
[Date "2011.01.05"]
[Round "4.3"]
[White "Ikeda,J"]
[Black "Solomon,SJ"]
[Result "1/2-1/2"]
[WhiteElo "2262"]
[BlackElo "2408"]

1.e4 e5 2.Nf3 Nc6 3.Bb5 a6 4.Ba4 Nf6 5.O-O Be7 6.Re1 b5 7.Bb3 d6 8.c3 O-O
9.h3 Nb8 10.d4 Nbd7 11.Nbd2 Bb7 12.Bc2 Re8 13.a4 Bf8 14.b4 Nb6 15.axb5 axb5
16.Rxa8 Qxa8 17.dxe5 dxe5 18.Qe2 Bc6 19.Nb3 Nc4 20.Nfd2 Nd6 21.Na5 Bd7 22.Ndb3 Nb7
23.Nxb7 Qxb7 24.Qe3 Be6 25.Nc5 Bxc5 26.Qxc5 Nd7 27.Qe3 Nb6 28.Qg3 f6 29.Bh6 c6
30.Rd1 Na4 31.Rd6 Kf8 32.Bc1 Qc7 33.Rd1 Rd8 34.Kh2 Rxd1 35.Bxd1 Qd7 36.Bc2 g5
37.h4 h6 38.hxg5 hxg5 39.Qf3 Kg7 40.Qg3 Qf7 41.Qd3 Bc4 42.Qh3 Qe6 43.Qxe6 Bxe6
44.Bd2 Bc4 45.f3 Kf7 46.Kg3 Ke6 47.Kf2 Kd6 48.Ke3 Nb6 49.Kf2 Na4 50.Ke3 Ke6
51.Kf2 Ba2 52.Ke2 Kf7 53.Kf2 Kg6 54.Be1 c5 55.Bd2 Kf7 56.Ke2 Ke6 57.Be1 Bc4+
58.Kf2 Nb2 59.Bd2 Bd3 60.Bc1 Bxc2 61.Bxb2 c4 62.g4  1/2-1/2